000 00785cam a2200229 a 4500
001 000005507
005 20200929151708.0
008 960423s1995 sp h b 000 0 spa
020 _a8437613809
040 _aDO-SdBNP
_cCU
_dDLC
082 _a292.1
_bP438p
100 1 _aPérez de Moya, Juan,
_d1513-1596.
_915600
245 1 0 _aPhilosofía secreta de la gentilidad /
_cJuan Pérez de Moya ; edición de Carlos Clavería.
260 _aMadrid :
_bCátedra,
_c1995.
300 _a662 p. :
_bfacsims. ;
_c18 cm.
440 0 _aLetras hispánicas ;
_vNO. 404
_94208
504 _aIncluye referencias bibliográficas (p. 43-53).
650 4 _aMitología clásica
_915601
700 1 _aClavería Laguarda, Carlos,
_eed.
_915602
910 _aCatalogación por copia / LC
910 _aValidada
999 _c5306
_d5306